Ulung : puisi mengenang negarawan
| Format: | Book |
|---|---|
| Published: |
Pahang :
Lembaga Muzium Negeri Pahang ,
2003
|
| Subjects: |
MARC
| LEADER | 00000cam a2200000 7i4500 | ||
|---|---|---|---|
| 001 | 0000061027 | ||
| 005 | 20160310.0 | ||
| 008 | 160310 | ||
| 020 | |a 9832456053 | ||
| 090 | 0 | 0 | |a 899.231 |b ULU |
| 245 | 1 | 0 | |a Ulung : |b puisi mengenang negarawan |c diselenggarakan oleh Amanruszati Noor Rahim, Sahrunizam Abdul Talib & Hamir Habeed Mohd |
| 260 | |a Pahang : |b Lembaga Muzium Negeri Pahang , |c 2003 | ||
| 300 | |a 161 p. : |b col. ill. ; |c 16.5 cm. | ||
| 650 | 0 | |a Malay poetry | |
| 650 | 0 | |a Puisi | |
| 999 | |a 0001393265 |b Book |c Adult Collection |e Perbadanan Perpustakaan Awam Johor | ||